Exploring geovisualization (Record no. 691542)

MARC details
000 -LEADER
fixed length control field 00769nam a2200265Ia 4500
003 - CONTROL NUMBER IDENTIFIER
control field OSt
005 - DATE AND TIME OF LATEST TRANSACTION
control field 20220927105246.0
008 - FIXED-LENGTH DATA ELEMENTS--GENERAL INFORMATION
fixed length control field 220926b |||||||| |||| 00| 0 eng d
020 ## - INTERNATIONAL STANDARD BOOK NUMBER
International Standard Book Number 0080445314
037 ## - SOURCE OF ACQUISITION
Terms of availability Reference Collections
040 ## - CATALOGING SOURCE
Original cataloging agency RTL
Transcribing agency RTL
Language of cataloging eng
041 ## - LANGUAGE CODE
Source of code eng
Language code of text/sound track or separate title eng
100 ## - MAIN ENTRY--PERSONAL NAME
Personal name Dykes J Ed.
9 (RLIN) 371328
245 #0 - TITLE STATEMENT
Title Exploring geovisualization
260 ## - PUBLICATION, DISTRIBUTION, ETC.
Place of publication, distribution, etc. Elsevier
Name of publisher, distributor, etc. Oxford UK
Date of publication, distribution, etc. 2005
300 ## - PHYSICAL DESCRIPTION
Extent "xix, 710p"
Dimensions cm.
700 ## - ADDED ENTRY--PERSONAL NAME
Personal name Kraak M J Ed.
9 (RLIN) 371329
700 ## - ADDED ENTRY--PERSONAL NAME
Personal name MacEachren A M Ed.
9 (RLIN) 371330
942 ## - ADDED ENTRY ELEMENTS (KOHA)
Classification part "U11:(D6,9(B), P5"
Koha item type
Holdings
Withdrawn status Lost status Damaged status Not for loan Home library Current library Date acquired Total Checkouts Full call number Barcode Date last seen Price effective from Koha item type
        Ratan Tata Library Ratan Tata Library 2022-09-27   "U11:(D6,9(B) P5" RT1323969 2022-09-27 2022-09-27  
Copyright @ Delhi University Library System